Revolúcia v bývaní je za rohom

Tvrdenie výrobcov domácej elektroniky a bezpečnostných prvkov, že revolúcia v bývaní je za rohom. Vytváranie inteligentných domov a bytov vďaka rozmachu smartfónov a internetu. Dom ovládaný technológiami. Prechod na bezdrôtové štandardy a možnosť automatizácie bez vŕtania stien a vytrhávania parkiet...

Description complète

Enregistré dans:
Détails bibliographiques
Auteur principal: Biel, Marián
Format: Chapitre de livre
Langue:slovaque
Sujets:
Tags: Ajouter un tag
Pas de tags, Soyez le premier à ajouter un tag!

MARC

LEADER 00000naa a2200000 4500
001 0169737
005 20231113081608.9
041 0 |a slo 
044 |a SK 
245 1 0 |a Revolúcia v bývaní je za rohom  |c Marián Biel 
520 |a Tvrdenie výrobcov domácej elektroniky a bezpečnostných prvkov, že revolúcia v bývaní je za rohom. Vytváranie inteligentných domov a bytov vďaka rozmachu smartfónov a internetu. Dom ovládaný technológiami. Prechod na bezdrôtové štandardy a možnosť automatizácie bez vŕtania stien a vytrhávania parkiet. Inteligentné domy súčasťou tzv. trendu internet of things. 
610 2 0 |a technológie informačné 
610 2 0 |a technológie komunikačné 
610 2 0 |a technológie nové 
610 2 0 |a internet 
610 2 0 |a automatizácia 
610 2 0 |a byty 
610 2 0 |a domácnosti 
100 1 |a Biel, Marián